|
|
|
|
| LEADER |
00863cam a2200229 7i4500 |
| 001 |
0000055491 |
| 005 |
20201105090000.0 |
| 020 |
|
|
|a 9788776812904 (electronic book)
|
| 090 |
0 |
0 |
|a HD47.25
|b .B74 2014
|
| 245 |
0 |
0 |
|a Break-even analysis
|c Nikolaos Tsorakidis [and three others].
|
| 264 |
|
1 |
|a [Place of publication not identified]:
|b BusinessSumup,
|c 2014.
|
| 300 |
|
|
|a 1 online resource (19 pages):
|b text file, PDF.
|
| 336 |
|
|
|a text
|2 rdacontent
|
| 337 |
|
|
|a computer
|2 rdamedia
|
| 338 |
|
|
|a online resource
|2 rdacarrier
|
| 650 |
|
0 |
|a Break-even analysis
|
| 655 |
|
0 |
|a Electronic books
|
| 700 |
1 |
|
|a Tsorakidis, Nikolaos
|
| 856 |
4 |
2 |
|u http://library.unisel.edu.my/equip-unisel/custom/ebook_catalog/breakevenanalysis.pdf
|
| 997 |
|
|
|a Business & Accountancy, Faculty
|
| 998 |
|
|
|a Business Management, Diploma
|
| 999 |
|
|
|a EBO0001729
|b EBOOK
|c EBOOK
|e Electronic resources
|